[Event "Hessen-ch Seniors op 09th"]
[Site "Bad Sooden-Allendorf"]
[Date "2013.04.28"]
[Round "9"]
[White "Richter, Stefan1111"]
[Black "Hopp, Barbara"]
[Result "1/2-1/2"]
[WhiteElo "1843"]
[BlackElo "1743"]
[PlyCount "99"]
[EventDate "2013.04.20"]
[EventType "swiss"]
[EventRounds "9"]
[EventCountry "GER"]
[SourceTitle "EXT 2019"]
[Source "ChessBase"]
[SourceDate "2018.10.10"]
[SourceVersion "1"]
[SourceVersionDate "2018.10.10"]
[SourceQuality "1"]

1. e4 c5 2. Nf3 a6 3. Nc3 e6 4. d3 Be7 5. Be2 Nc6 6. a3 Bf6 7. Bd2 d6 8. 0-0 Nge7 9. Rb1 b5 10. Na2 0-0 11. c3 Ng6 12. Qc1 Bb7 13. h3 Nge5 14. Nxe5 Nxe5 15. f4 Nd7 16. Bf3 Qc7 17. Qe1 Rab8 18. Qg3 Qd8 19. Nc1 Kh8 20. Ne2 d5 21. e5 Bh4 22. Qh2 Be7 23. d4 f6 24. Ng3 f5 25. Nh1 cxd4 26. cxd4 Nb6 27. Be2 Nc4 28. Bxc4 dxc4 29. Be3 Bd5 30. Nf2 b4 31. axb4 Bxb4 32. Nd1 Be4 33. Ra1 a5 34. Nc3 Bxc3 35. bxc3 Rb3 36. Bd2 Qd5 37. Qg3 Rfb8 38. Kh2 h6 39. Rg1 Rb2 40. Bc1 Rb1 41. Ba3 Rxg1 42. Kxg1 Kh7 43. h4 Qd7 44. Kh2 Ra8 45. h5 Qf7 46. Qh4 Qe8 47. g4 fxg4 48. Qxg4 Bf5 49. Qf3 Rb8 50. Rg1 1/2-1/2

[Event "Hessen-ch Seniors op 08th"]
[Site "Bad Sooden-Allendorf"]
[Date "2012.04.22"]
[Round "9"]
[White "Briesemeister, Klaus"]
[Black "Hopp, Barbara"]
[Result "1/2-1/2"]
[WhiteElo "1804"]
[BlackElo "1747"]
[PlyCount "33"]
[EventDate "2012.04.14"]
[EventType "swiss"]
[EventRounds "9"]
[EventCountry "GER"]
[SourceTitle "EXT 2019"]
[Source "ChessBase"]
[SourceDate "2018.10.10"]
[SourceVersion "1"]
[SourceVersionDate "2018.10.10"]
[SourceQuality "1"]

1. d4 d5 2. c4 Nf6 3. Nc3 e6 4. Bg5 Be7 5. e3 0-0 6. Nf3 c6 7. Qc2 Nbd7 8. Be2 dxc4 9. Bxc4 Nd5 10. Bxe7 Qxe7 11. a3 Rb8 12. b4 b5 13. Ba2 Bb7 14. Ne4 h6 15. Nc5 Nxc5 16. bxc5 a5 17. 0-0 1/2-1/2

[Event "Hessen-ch Seniors op 08th"]
[Site "Bad Sooden-Allendorf"]
[Date "2012.04.17"]
[Round "4"]
[White "Hopp, Barbara"]
[Black "Micheel, Peter"]
[Result "0-1"]
[WhiteElo "1747"]
[BlackElo "1950"]
[PlyCount "76"]
[EventDate "2012.04.14"]
[EventType "swiss"]
[EventRounds "9"]
[EventCountry "GER"]
[SourceTitle "EXT 2019"]
[Source "ChessBase"]
[SourceDate "2018.10.10"]
[SourceVersion "1"]
[SourceVersionDate "2018.10.10"]
[SourceQuality "1"]

1. d4 d5 2. e4 dxe4 3. Bc4 Nf6 4. f3 exf3 5. Nxf3 g6 6. 0-0 Bg7 7. Ne5 0-0 8. c3 e6 9. Qf3 Nd5 10. Ng4 f5 11. Nh6+ Kh8 12. Bxd5 exd5 13. Qf4 Qd6 14. Qxd6 cxd6 15. Bg5 Nc6 16. Nd2 Bd7 17. Rae1 Bf6 18. h4 Bxg5 19. hxg5 Kg7 20. Nf3 Rae8 21. Rxe8 Rxe8 22. Re1 Nd8 23. Rxe8 Bxe8 24. g3 Bd7 25. Kf2 Be6 26. Ke3 Bg8 27. g4 Be6 28. Nxf5+ gxf5 29. gxf5 Bxf5 30. Kf4 Be4 31. Nh4 Ne6+ 32. Kg4 Nf8 33. a3 Ng6 34. Nxg6 Kxg6 35. Kf4 Bf5 36. b3 b5 37. a4 bxa4 38. bxa4 a5 0-1

[Event "GER Cup GrD Seniors 1st"]
[Site "Bad Blankenburg"]
[Date "2011.08.20"]
[Round "3"]
[White "Auerswald, Klaus"]
[Black "Hopp, Barbara"]
[Result "1-0"]
[WhiteElo "1533"]
[BlackElo "1447"]
[PlyCount "77"]
[EventDate "2011.08.18"]
[EventType "swiss"]
[EventRounds "7"]
[EventCountry "GER"]
[SourceTitle "CBM 144 Extra"]
[Source "ChessBase"]
[SourceDate "2011.10.28"]
[SourceVersion "1"]
[SourceVersionDate "2011.10.28"]
[SourceQuality "1"]

1. e4 c5 2. Nc3 a6 3. Nge2 Nc6 4. d4 cxd4 5. Nxd4 e6 6. Nxc6 bxc6 7. e5 Bb4 8. Qd4 Qa5 9. Bd3 Ne7 10. 0-0 Bxc3 11. bxc3 0-0 12. f4 Nd5 13. Bd2 Qb6 14. Rab1 Qxd4+ 15. cxd4 a5 16. f5 f6 17. fxe6 dxe6 18. c4 Nb4 19. Bxb4 axb4 20. Rxb4 Rxa2 21. exf6 gxf6 22. Be4 Bd7 23. Rb6 Rd2 24. Bxc6 Rxd4 25. Bxd7 Rxd7 26. Rxe6 Kg7 27. c5 Rc7 28. c6 Rff7 29. g4 h6 30. Kg2 Rce7 31. Rxe7 Rxe7 32. Rc1 Rc7 33. Kf3 Kf7 34. Kf4 Ke6 35. Ke4 Kd6 36. Kf5 Re7 37. c7 Rxc7 38. Rxc7 Kxc7 39. Kxf6 1-0

[Event "Hessen-ch Seniors op 05th"]
[Site "Bad Sooden-Allendorf"]
[Date "2009.04.27"]
[Round "3"]
[White "Schmidt, Erich"]
[Black "Hopp, Barbara"]
[Result "1-0"]
[WhiteElo "1666"]
[BlackElo "1467"]
[PlyCount "57"]
[EventDate "2009.04.25"]
[EventType "swiss"]
[EventRounds "9"]
[EventCountry "GER"]
[SourceTitle "EXT 2022"]
[Source "ChessBase"]
[SourceDate "2021.10.06"]
[SourceVersion "1"]
[SourceVersionDate "2021.10.06"]
[SourceQuality "1"]

1. d4 Nf6 2. Nf3 g6 3. Bf4 Bg7 4. e3 d6 5. Bc4 0-0 6. Nbd2 Nbd7 7. c3 a6 8. a4 Nb6 9. Bb3 Bf5 10. h3 h5 11. Nh4 Qd7 12. Nxf5 Qxf5 13. Bc2 Qe6 14. Bb3 Qf5 15. 0-0 Kh7 16. Re1 c6 17. Bc2 Qd7 18. Bg5 Kh8 19. f4 Nh7 20. Bh4 Rae8 21. f5 g5 22. Qxh5 f6 23. Bxg5 Kg8 24. Bf4 d5 25. b3 Nc8 26. Rf1 Nd6 27. Rf3 e5 28. fxe6 Qxe6 29. Bxh7+ 1-0

[Event "Hessen-ch Seniors op 05th"]
[Site "Bad Sooden-Allendorf"]
[Date "2009.04.25"]
[Round "1"]
[White "Krotofil, Kurt"]
[Black "Hopp, Barbara"]
[Result "1/2-1/2"]
[WhiteElo "1855"]
[BlackElo "1467"]
[PlyCount "50"]
[EventDate "2009.04.25"]
[EventType "swiss"]
[EventRounds "9"]
[EventCountry "GER"]
[SourceTitle "EXT 2022"]
[Source "ChessBase"]
[SourceDate "2021.10.06"]
[SourceVersion "1"]
[SourceVersionDate "2021.10.06"]
[SourceQuality "1"]

1. d4 Nf6 2. c4 g6 3. Nc3 Bg7 4. e4 d6 5. f3 0-0 6. Be3 Nbd7 7. Qd2 Re8 8. Nge2 e5 9. d5 a5 10. 0-0-0 b6 11. Kb1 Nc5 12. Bh6 Bh8 13. h4 Bd7 14. g4 Bg7 15. Ng3 Kh8 16. Bxg7+ Kxg7 17. h5 Rh8 18. hxg6 hxg6 19. Rxh8 Qxh8 20. Be2 Kf8 21. Rh1 Qg7 22. g5 Nh7 23. Rf1 Ke7 24. Bd1 Rf8 25. Nge2 f5 1/2-1/2

[Event "Hessen-ch Seniors op 04th"]
[Site "Bad Sooden-Allendorf"]
[Date "2008.04.28"]
[Round "5"]
[White "Hopp, Barbara"]
[Black "Rudolph, Rainer"]
[Result "1-0"]
[WhiteElo "1473"]
[BlackElo "1350"]
[PlyCount "71"]
[EventDate "2008.04.24"]
[EventType "swiss"]
[EventRounds "9"]
[EventCountry "GER"]
[SourceTitle "EXT 2022"]
[Source "ChessBase"]
[SourceDate "2021.10.06"]
[SourceVersion "1"]
[SourceVersionDate "2021.10.06"]
[SourceQuality "1"]

1. Nf3 Nf6 2. g3 d5 3. Bg2 c6 4. d3 e6 5. 0-0 Be7 6. Nbd2 0-0 7. e4 dxe4 8. dxe4 b6 9. Qe2 Qc7 10. b3 e5 11. Bb2 Ba6 12. c4 Nbd7 13. Rac1 Rad8 14. Rfd1 c5 15. Nb1 Bb7 16. Nc3 Qb8 17. Nd5 Bd6 18. Nh4 Nxd5 19. exd5 a5 20. Nf5 f6 21. Bh3 Rf7 22. Nxd6 Qxd6 23. Be6 Rdf8 24. Qg4 Kh8 25. Bxf7 Rxf7 26. Qe6 Qe7 27. Qxe7 Rxe7 28. Re1 Kg8 29. Rc2 Rf7 30. Rce2 h6 31. Re3 Re7 32. f4 Kf7 33. fxe5 fxe5 34. Bxe5 Nxe5 35. Rxe5 Rxe5 36. Rxe5 1-0

[Event "Hessen-ch Seniors op 03rd"]
[Site "Bad Sooden-Allendorf"]
[Date "2007.05.06"]
[Round "9"]
[White "Simon, Goetz Jochen"]
[Black "Hopp, Barbara"]
[Result "1-0"]
[WhiteElo "1638"]
[BlackElo "1520"]
[PlyCount "73"]
[EventDate "2007.04.27"]
[EventType "swiss"]
[EventRounds "9"]
[EventCountry "GER"]
[SourceTitle "EXT 2022"]
[Source "ChessBase"]
[SourceDate "2021.10.06"]
[SourceVersion "1"]
[SourceVersionDate "2021.10.06"]
[SourceQuality "1"]

1. e4 c5 2. Nf3 a6 3. d4 cxd4 4. Nxd4 Nf6 5. Nc3 e5 6. Nf3 Bb4 7. Bd3 Qc7 8. Bd2 d6 9. h3 0-0 10. 0-0 Nbd7 11. Ne1 Nc5 12. f3 Ba5 13. Kh1 b5 14. a3 Nxd3 15. cxd3 Bb6 16. Rc1 Qb7 17. f4 exf4 18. Bxf4 Ne8 19. Rf3 Bd4 20. Nc2 Be5 21. Be3 Be6 22. Nd4 Bd7 23. Nf5 Bxf5 24. Rxf5 g6 25. Rf3 Bg7 26. d4 Rc8 27. b3 Nf6 28. Qd3 Rfe8 29. Rcf1 Rc7 30. Rxf6 Bxf6 31. Rxf6 Qc8 32. Nd5 Rc6 33. Rf3 Kg7 34. Qf1 Rxe4 35. Rxf7+ Kg8 36. Qf6 Rc1+ 37. Kh2 1-0

[Event "Hessen-ch Seniors op 03rd"]
[Site "Bad Sooden-Allendorf"]
[Date "2007.05.05"]
[Round "8"]
[White "Hopp, Barbara"]
[Black "Ninic, Milutin"]
[Result "0-1"]
[WhiteElo "1520"]
[BlackElo "1653"]
[PlyCount "58"]
[EventDate "2007.04.27"]
[EventType "swiss"]
[EventRounds "9"]
[EventCountry "GER"]
[SourceTitle "EXT 2022"]
[Source "ChessBase"]
[SourceDate "2021.10.06"]
[SourceVersion "1"]
[SourceVersionDate "2021.10.06"]
[SourceQuality "1"]

1. Nf3 c5 2. g3 g6 3. Bg2 Nc6 4. 0-0 Nf6 5. d3 Bg7 6. e4 0-0 7. Nbd2 d5 8. exd5 Nxd5 9. Ne4 b6 10. a3 Bg4 11. h3 Bd7 12. Rb1 Rb8 13. Bd2 Qc8 14. Kh2 Nd4 15. Nc3 Nxc3 16. Bxc3 Nxf3+ 17. Qxf3 Bxc3 18. bxc3 Be6 19. c4 Qa6 20. Ra1 Qa4 21. Qe2 Rbd8 22. Rfc1 Rd6 23. Bd5 Bxd5 24. cxd5 Rxd5 25. Qxe7 Re8 26. Qc7 Re2 27. Kg1 Rf5 28. f4 Qd4+ 29. Kh1 Qf2 0-1

[Event "Hessen-ch Seniors op 03rd"]
[Site "Bad Sooden-Allendorf"]
[Date "2007.04.30"]
[Round "3"]
[White "Hopp, Barbara"]
[Black "Grueneschild, Hildegard"]
[Result "1-0"]
[WhiteElo "1520"]
[BlackElo "1386"]
[PlyCount "122"]
[EventDate "2007.04.27"]
[EventType "swiss"]
[EventRounds "9"]
[EventCountry "GER"]
[SourceTitle "EXT 2022"]
[Source "ChessBase"]
[SourceDate "2021.10.06"]
[SourceVersion "1"]
[SourceVersionDate "2021.10.06"]
[SourceQuality "1"]

1. Nf3 Nf6 2. g3 g6 3. Bg2 Bg7 4. 0-0 d6 5. d3 Nc6 6. Nbd2 e5 7. e4 0-0 8. Nb3 Nh5 9. Nh4 Be6 10. h3 Ne7 11. Kh2 c6 12. c3 Kh8 13. Be3 h6 14. d4 Kh7 15. Qe2 Ng8 16. dxe5 dxe5 17. Nc5 Bc8 18. Rad1 Qe7 19. Nd3 b6 20. f4 exf4 21. Nxf4 Nxf4 22. Bxf4 Be5 23. Bxe5 Qxe5 24. Nf3 Qh5 25. Rd2 Bg4 26. Qe3 Bxf3 27. Bxf3 Qe5 28. Qe2 Rad8 29. Rfd1 Qc7 30. Rd4 Nf6 31. Qd3 Rxd4 32. Qxd4 Qe7 33. e5 Nd5 34. Bxd5 cxd5 35. Qxd5 Re8 36. Qd7 Kg7 37. Qxe7 Rxe7 38. Re1 Re6 39. Kg2 f6 40. exf6+ Kxf6 41. Rxe6+ Kxe6 42. Kf3 Kd5 43. b3 b5 44. Ke3 Ke5 45. a3 a6 46. c4 g5 47. g4 Kd6 48. Kd4 bxc4 49. Kxc4 Kc6 50. Kb4 Kb6 51. Ka4 Kc6 52. Ka5 Kb7 53. b4 Ka7 54. b5 axb5 55. Kxb5 Kb7 56. Kc5 Kc7 57. Kd5 Kd7 58. Ke5 Ke7 59. Kf5 Kd6 60. Kg6 Ke5 61. Kxh6 Kf4 1-0

[Event "Hessen-ch Seniors op 02nd"]
[Site "Bad Sooden-Allendorf"]
[Date "2006.04.25"]
[Round "1"]
[White "Mueller Using, Detlev"]
[Black "Hopp, Barbara"]
[Result "1-0"]
[WhiteElo "1862"]
[BlackElo "1470"]
[PlyCount "72"]
[EventDate "2006.04.25"]
[EventType "swiss"]
[EventRounds "9"]
[EventCountry "GER"]
[SourceTitle "EXT 2007"]
[Source "ChessBase"]
[SourceDate "2006.11.23"]
[SourceVersion "1"]
[SourceVersionDate "2006.11.23"]
[SourceQuality "1"]

1. e4 e5 2. Nc3 Nf6 3. f4 Nc6 4. fxe5 Nxe5 5. d4 Nc6 6. e5 Ne4 7. Nxe4 Qh4+ 8. Ng3 d6 9. Nf3 Qe7 10. Bb5 Bd7 11. Qe2 0-0-0 12. Bg5 f6 13. exf6 gxf6 14. Bd2 Re8 15. Qxe7 Rxe7+ 16. Kf2 h5 17. Bd3 Kd8 18. Rae1 Rg7 19. Nf5 Bxf5 20. Bxf5 d5 21. Bf4 a6 22. g3 Ne7 23. Bd3 Nc6 24. c3 b5 25. Re6 Nb8 26. Rhe1 Be7 27. Bxc7+ Kd7 28. Bf5 Kxc7 29. Rxe7+ Rxe7 30. Rxe7+ Kd6 31. Ra7 Kc6 32. Nh4 Rf8 33. Ng6 Rd8 34. Rh7 Nd7 35. Bxd7+ Rxd7 36. Rxd7 Kxd7 1-0